[Event "EU-ch U10 Girls 27th"]
[Site "Mamaia"]
[Date "2017.09.09"]
[Round "5"]
[White "Celea, Andreea Alina"]
[Black "Makhatadze, Khatia"]
[Result "1-0"]
[WhiteElo "1089"]
[BlackElo "1307"]
[PlyCount "65"]
[EventDate "2017.09.05"]
[EventType "swiss"]
[EventRounds "9"]
[EventCountry "ROU"]
[SourceTitle "CBM 180 Extra"]
[Source "ChessBase"]
[SourceDate "2017.10.06"]
[SourceVersion "1"]
[SourceVersionDate "2017.10.06"]
[SourceQuality "1"]

1. e4 e6 2. d4 d5 3. e5 c5 4. c3 Nc6 5. Nf3 Qb6 6. Be2 cxd4 7. cxd4 Bb4+ 8. Nc3 Bd7 9. 0-0 Nge7 10. Be3 Nf5 11. a3 Bxc3 12. bxc3 Rc8 13. Rb1 Nxe3 14. fxe3 Qa5 15. Rxb7 Qxc3 16. Rb3 Qa5 17. Bd3 0-0 18. Bxh7+ Kxh7 19. Ng5+ Kg6 20. Qg4 f5 21. exf6 gxf6 22. Ne4+ Kh7 23. Nxf6+ Rxf6 24. Rxf6 Qe1+ 25. Rf1 Qd2 26. Rf7+ Kh6 27. Rf6+ Kh7 28. Qg6+ Kh8 29. e4 Qxd4+ 30. Rf2 Qd1+ 31. Rf1 Qd4+ 32. Kh1 dxe4 33. Rh3# 1-0